[Event "Moscow ch-T 2018"]
[Site "Moscow"]
[Date "2018.09.30"]
[Round "7"]
[White "Sychev, Klementy"]
[Black "Gordievsky, Dmitry"]
[Result "1/2-1/2"]
[WhiteElo "2534"]
[BlackElo "2615"]
[Annotator "TA"]
[PlyCount "155"]
[EventDate "2018.09.20"]
[EventType "team-tourn"]
[EventCountry "RUS"]
[SourceTitle "playchess.com"]
[Source "ChessBase"]
[SourceQuality "1"]

{[%evp 27,155,50,56,47,87,61,61,63,65,53,58,33,42,42,66,25,43,37,33,9,12,6,23,27,42,30,76,80,86,53,108,114,95,114,127,114,107,111,101,113,101,103,111,114,114,112,106,114,105,89,87,87,118,114,145,78,77,79,108,67,127,127,168,181,184,175,183,180,174,184,198,195,196,192,180,129,131,127,134,153,172,164,175,128,93,32,41,43,44,44,51,43,47,37,41,8,8,0,0,0,0,0,0,0,0,0,4,0,0,0,0,0,8,8,8,8,25,0,0,0,0,0,0,0,0,0,0,0,0,0]} 1. e4 c5 2. Nf3 Nc6 3. d4 cxd4 4. Nxd4 g6 5. c4 Nf6 6. Nc3 Nxd4 7. Qxd4 d6 8. f3 Bg7 9. Be3 O-O 10. Qd2 a5 {B36: Sicilian: Maroczy Bind: Gurgenidze System} (10... Qa5 11. Rc1 Be6 12. Nd5 Qxa2 13. Nxe7+ Kh8 14. Bd4 Rae8 15. Qc3 Nh5 16. Bxg7+ Nxg7 17. b4 Qa4 18. b5 a5 19. Nd5 Bxd5 20. cxd5 f5 21. Ra1 Qb4 22. Qxb4 axb4 {1-0 (51) Carlsen,M (2832)-Guseinov,G (2645) chess.com INT 2017}) 11. b3 Bd7 12. Be2 Bc6 13. O-O Nd7 14. Rac1 Nc5 {LiveBook: 25 Games} 15. Rc2 e6 16. Rd1 Be5 17. Bf1 Qe7 $146 ({Predecessor:} 17... Qh4) 18. Ne2 {[%cal Bc3e2,Be2d4,Bd4b5][%mdl 32]} b6 19. Qe1 Rad8 20. Nd4 Bb7 21. Nb5 Rd7 22. Rcd2 Rfd8 23. Bd4 (23. Re2 {looks sharper.} Ba6 24. Nd4 Rc8 25. g3 Rdd8 26. Bg2) 23... Bc6 24. Nc3 Bxd4+ 25. Rxd4 e5 26. R4d2 f5 27. exf5 gxf5 28. f4 Qf6 (28... Qe6 $14) 29. Nd5 $16 Bxd5 30. Rxd5 Qg7 31. Qe3 Qh6 32. Qf3 Qxf4 33. Qxf4 exf4 34. Rxf5 Rf7 35. Rxf7 Kxf7 {[%mdl 4096] Endgame KRB-KRN} 36. Rd4 Ne6 37. Rd5 h6 38. Kf2 Ke7 39. Rh5 Rh8 40. Bd3 a4 41. b4 ({White should try} 41. bxa4 Nc5 42. Bc2) 41... a3 42. Kf3 Kd8 43. Rd5 Kc7 (43... Ke7 $14) 44. Bf5 Nd8 {[#]} 45. Rd3 $1 Nc6 46. Rxa3 Nxb4 47. Ra7+ ({Don't take} 47. Kxf4 Nc6 $16) 47... Kc6 48. a3 Na2 49. Ke4 {[#] Intending Bd7+ and mate.} b5 50. cxb5+ Kxb5 51. Rb7+ (51. Rc7 $18 Ra8 52. Bd7+ (52. Kxf4 Ra4+ 53. Ke3 Rxa3+ 54. Kd4 Kb6 $16) 52... Kb6 53. Rc6+ Kb7 54. Rxd6 (54. Kxf4 Ra4+ 55. Kf5 Rxa3 $16)) 51... Kc6 52. Rb3 {Threatens to win with Kd4.} Kc5 53. Kxf4 {Black must now prevent Bb1.} Kc4 54. Rb7 Nc3 55. Be6+ Kc5 56. Rb3 ({Better is} 56. Rc7+ $16 Kd4 57. Rc4+ Kd3 58. Rc6) 56... Ne2+ $14 57. Ke3 Re8 58. Kxe2 Rxe6+ {KR-KR} 59. Re3 Rg6 60. Rg3 Re6+ 61. Kd3 d5 62. Rg4 Rb6 63. Kc3 Re6 64. Kd3 Rb6 65. a4 {[%cal Ba3a4,Ba4a5,Ba5a6][%mdl 32]} Rb3+ 66. Kc2 Re3 67. Rg6 Re2+ 68. Kd3 Ra2 69. Rxh6 Rxg2 70. a5 {Strongly threatening a6.} Ra2 71. a6 {With the idea h4.} Ra3+ 72. Kc2 {h4 is the strong threat.} d4 {[%cal Bd5d4,Bd4d3][%mdl 32] The position is equal.} 73. Kb2 d3 74. Rh5+ Kc4 75. Rh4+ Kc5 76. Rh5+ Kc4 77. Rh4+ Kc5 78. Rh5+ {Precision: White = 53%, Black = 61%.} 1/2-1/2

[Event "Moscow ch-T 2018"]
[Site "Moscow"]
[Date "2018.09.30"]
[Round "7"]
[White "Afanasiev, Nikita"]
[Black "Kozionov, Kirill"]
[Result "1/2-1/2"]
[WhiteElo "2487"]
[BlackElo "2458"]
[Annotator "TA"]
[PlyCount "42"]
[EventDate "2018.09.20"]
[EventType "team-tourn"]
[EventCountry "RUS"]
[SourceTitle "playchess.com"]
[Source "ChessBase"]
[SourceQuality "1"]

{[%evp 21,42,19,63,-32,4,18,32,37,65,0,0,-9,-18,-18,0,7,10,0,0,0,9,-3,0]} 1. e4 c5 2. Nf3 d6 3. d4 cxd4 4. Nxd4 Nf6 5. Nc3 a6 6. Nb3 Nc6 7. Be3 Ng4 8. Bg5 {[%cal Be3g5,Bg5h4,Bh4g3][%mdl 32]} h6 9. Bh4 g5 10. Bg3 Bg7 11. Qd2 Be6 {LiveBook: 67 Partien} 12. a4 {B90: Sizilianisch (Najdorf-Variante, Abweichungen)} (12. h4 $14) (12. O-O-O h5 13. f3 h4 14. Be1 Nge5 15. Kb1 Ng6 16. Bf2 Na5 17. Nd5 Nxb3 18. axb3 Bxd5 19. Qxd5 Ne5 {0-1 (38) Ivanchuk,V (2769)-Gelfand,B (2738) Astana 2012}) 12... Nge5 13. Nd5 Ng6 14. c3 {Weiß steht etwas besser.} O-O $146 ({Vorgänger:} 14... Rc8 15. Be2 Na5 16. Nd4 Bxd4 17. Qxd4 Nb3 18. Qd1 Nxa1 19. Qxa1 Bxd5 20. exd5 {1-0 (47) Zill,C (2156)-Seisenberger,G (2038) Bayern 2010}) 15. a5 (15. Be2 $14) 15... f5 $11 {Die Stellung ist ausgeglichen.} 16. f3 fxe4 17. fxe4 Bg4 18. Ne3 Be6 19. Nd5 Bg4 20. Ne3 Be6 21. Nd5 Bg4 {Precision: Weiß = 30%, Schwarz = 24%.} 1/2-1/2

[Event "Moscow ch-T 2018"]
[Site "Moscow"]
[Date "2018.09.30"]
[Round "7"]
[White "Krylov, Mikhail"]
[Black "Gorbatov, Alexej"]
[Result "1/2-1/2"]
[WhiteElo "2476"]
[BlackElo "2389"]
[Annotator "TA"]
[PlyCount "56"]
[EventDate "2018.09.20"]
[EventType "team-tourn"]
[EventCountry "RUS"]
[SourceTitle "playchess.com"]
[Source "ChessBase"]
[SourceQuality "1"]

{[%evp 13,56,2,9,-39,-40,-37,-37,-35,-41,-37,-41,-41,-35,-54,3,1,20,5,0,6,13,7,24,0,0,0,20,16,28,27,23,20,83,96,75,84,106,-72,-89,-402,-79,-141,-141,-135,-143]} 1. d4 Nf6 2. c4 e6 3. Nf3 b6 4. g3 Bb7 5. Bg2 Be7 6. O-O O-O 7. Qc2 c5 {LiveBook: 21 Games} 8. d5 {E17: Queen's Indian: 4 g3 Bb7 5 Bg2 Be7} (8. Bg5 Be4 9. Qd1 cxd4 10. Nbd2 Bb7 11. Nxd4 Bxg2 12. Kxg2 h6 13. Bf4 d6 14. N4f3 e5 15. Be3 Nc6 {½-½ (63) Pham,L (2351)-Javakhishvili,L (2455) Teheran 2017}) 8... exd5 9. cxd5 Nxd5 10. Rd1 $146 {Black is slightly better.} ({Predecessor:} 10. a3 Nf6 11. Nc3 d6 12. Bf4 Nc6 13. Rfd1 Qd7 14. e4 Nh5 15. Be3 h6 {1-0 (34) Ropokis,D (1800)-Mamedov,N (1800) FICGS email 2010}) 10... Nc6 11. Qf5 Nf6 12. Nc3 d6 13. Bf4 Qc8 ({Better is} 13... Nb4 $15) 14. Qxc8 $11 Raxc8 15. Nh4 g6 16. Bxd6 Bxd6 17. Rxd6 Kg7 18. Nb5 Na5 19. Nxa7 Ra8 {aiming for ...Bxg2.} 20. Nb5 Bxg2 21. Kxg2 Nc4 22. Rc6 Nd5 (22... Rfb8 $11) 23. b3 $16 Nb4 24. Rc7 Na5 25. Na3 $2 {[#]} (25. Rd1 $16) 25... Rfd8 $1 $36 {[%mdl 3072] And now ...Nd5 would win. Black has strong compensation. Black is really pushing.} 26. e4 $2 {[%mdl 8192] [#]} (26. Nb5 $17 {is tougher.}) 26... Kf8 $2 (26... Na6 $1 $19 {[%cal Ra6c7] is more deadly.} 27. Nb5 Nxc7 28. Nxc7 Ra7) 27. Nf3 (27. Nb5 $142) 27... Na6 28. Nb5 {White wants to play Ra7.} Nxc7 {Precision: White = 38%, Black = 54%.} 1/2-1/2

[Event "Moscow ch-T 2018"]
[Site "Moscow"]
[Date "2018.09.30"]
[Round "7"]
[White "Saulin, Dmitri"]
[Black "Makarian, Rudik"]
[Result "0-1"]
[WhiteElo "2369"]
[BlackElo "2361"]
[Annotator "NA"]
[PlyCount "54"]
[EventDate "2018.09.20"]
[EventType "team-tourn"]
[EventCountry "RUS"]
[SourceTitle "playchess.com"]
[Source "ChessBase"]
[SourceQuality "1"]
[TimeControl "5400+30"]

1. d4 {[%emt 0:00:00]} Nf6 {[%emt 0:00:00]} 2. c4 {[%emt 0:00:00]} e6 {[%emt 0:00:00]} 3. g3 {[%emt 0:00:14]} d5 {[%emt 0:00:00]} 4. Bg2 {[%emt 0:00:07]} Bb4+ {[%emt 0:00:27]} 5. Bd2 {[%emt 0:00:08]} Be7 {[%emt 0:00:05]} 6. Nf3 {[%emt 0:00:12]} O-O {[%emt 0:00:06]} 7. O-O {[%emt 0:00:24]} Nbd7 {[%emt 0:00:04]} 8. Qc2 {[%emt 0:02:28]} c6 {[%emt 0:01:10]} 9. a4 {[%emt 0:05:19]} a5 {[%emt 0:11:27]} 10. Rc1 {[%emt 0:05:24]} Ne4 {[%emt 0:05:27]} 11. Be1 {[%emt 0:00:15]} f5 {[%emt 0:01:24]} 12. e3 {[%emt 0:01:13]} Bd6 {[%emt 0:01:16]} 13. Nbd2 {[%emt 0:02:30]} g5 {[%emt 0:02:27]} 14. Nxe4 {[%emt 0:09:14]} fxe4 {[%emt 0:11:02]} 15. Nd2 {[%emt 0:03:54]} g4 {[%emt 0:03:20]} 16. Nb1 {[%emt 0:06:12]} Nf6 {[%emt 0:04:29]} 17. Nc3 {[%emt 0:08:44]} h5 {[%emt 0:05:27]} 18. Ne2 {[%emt 0:00:17]} Nh7 {[%emt 0:00:11]} 19. Nf4 {[%emt 0:00:24]} Ng5 {[%emt 0:00:05]} 20. b4 {[%emt 0:00:17]} Nf3+ {[%emt 0:01:35]} 21. Bxf3 {[%emt 0:04:08]} gxf3 {[%emt 0:00:25]} 22. h4 {[%emt 0:26:48]} Qd7 {[%emt 0:08:52]} 23. Bd2 {[%emt 0:12:50]} Bxf4 {[%emt 0:00:34]} 24. exf4 {[%emt 0:00:22]} e5 {[%emt 0:00:05]} 25. Qd1 {[%emt 0:01:15]} exf4 {[%emt 0:00:10]} 26. cxd5 {[%emt 0:02:22]} fxg3 {[%emt 0:00:38]} 27. Be3 {[%emt 0:05:16]} Qh3 {[%emt 0:00:07]} 0-1

[Event "Moscow ch-T 2018"]
[Site "Moscow"]
[Date "2018.09.30"]
[Round "7"]
[White "Pavlov, Danila"]
[Black "Kovtunenko, Alexandr"]
[Result "1-0"]
[WhiteElo "2318"]
[BlackElo "2139"]
[Annotator "NA"]
[PlyCount "63"]
[EventDate "2018.09.20"]
[EventType "team-tourn"]
[EventCountry "RUS"]
[SourceTitle "playchess.com"]
[Source "ChessBase"]
[SourceQuality "1"]
[TimeControl "5400+30"]

1. e4 {[%emt 0:00:00]} c5 {[%emt 0:07:37]} 2. Nf3 {[%emt 0:00:00]} d6 {[%emt 0:00:55]} 3. d4 {[%emt 0:00:00]} cxd4 {[%emt 0:00:03]} 4. Nxd4 {[%emt 0:00:00]} Nf6 {[%emt 0:00:06]} 5. Nc3 {[%emt 0:00:00]} g6 {[%emt 0:00:07]} 6. Be3 {[%emt 0:00:00]} Bg7 {[%emt 0:00:06]} 7. f3 {[%emt 0:00:00]} Nc6 {[%emt 0:00:07]} 8. Qd2 {[%emt 0:00:00]} h5 {[%emt 0:00:18]} 9. O-O-O {[%emt 0:00:11]} Bd7 {[%emt 0:00:06]} 10. h3 {[%emt 0:14:03]} h4 {[%emt 0:01:05]} 11. f4 {[%emt 0:04:52]} Rc8 {[%emt 0:02:29]} 12. Bd3 {[%emt 0:15:11]} Qc7 {[%emt 0:06:52]} 13. Kb1 {[%emt 0:08:21]} Qb8 {[%emt 0:10:35]} 14. Qf2 {[%emt 0:02:25]} Nb4 {[%emt 0:06:38]} 15. Rhe1 {[%emt 0:05:09]} Rxc3 {[%emt 0:16:47]} 16. bxc3 {[%emt 0:00:18]} Na6 {[%emt 0:00:12]} 17. Nb3 {[%emt 0:12:06]} Qc7 {[%emt 0:12:41]} 18. Bxa7 {[%emt 0:15:02]} Qxc3 {[%emt 0:00:54]} 19. e5 {[%emt 0:01:12]} dxe5 {[%emt 0:04:02]} 20. fxe5 {[%emt 0:00:24]} Nh5 {[%emt 0:00:28]} 21. Bd4 {[%emt 0:08:41]} Qc8 {[%emt 0:00:18]} 22. Qxh4 {[%emt 0:01:06]} O-O {[%emt 0:10:36]} 23. Rf1 {[%emt 0:00:48]} Nb4 {[%emt 0:04:56]} 24. e6 {[%emt 0:05:03]} Qa8 {[%emt 0:04:14]} 25. Bxg7 {[%emt 0:00:14]} Qxa2+ {[%emt 0:00:19]} 26. Kc1 {[%emt 0:00:04]} Nxd3+ {[%emt 0:00:42]} 27. Rxd3 {[%emt 0:00:13]} Rc8 {[%emt 0:01:42]} 28. exf7+ {[%emt 0:00:34]} Kh7 {[%emt 0:00:45]} 29. Bb2 {[%emt 0:00:23]} Bb5 {[%emt 0:01:55]} 30. f8=Q {[%emt 0:00:22]} Rxc2+ {[%emt 0:00:39]} 31. Kxc2 {[%emt 0:00:03]} Bxd3+ {[%emt 0:00:07]} 32. Kc3 {[%emt 0:00:04]} 1-0

[Event "Moscow ch-T 2018"]
[Site "Moscow"]
[Date "2018.09.30"]
[Round "7"]
[White "Klukin, Kirill"]
[Black "Elishev, Ivan"]
[Result "1-0"]
[WhiteElo "2293"]
[BlackElo "2197"]
[Annotator "NA"]
[PlyCount "83"]
[EventDate "2018.09.20"]
[EventType "team-tourn"]
[EventCountry "RUS"]
[SourceTitle "playchess.com"]
[Source "ChessBase"]
[SourceQuality "1"]
[TimeControl "5400+30"]

1. d4 {[%emt 0:08:13]} Nf6 {[%emt 0:00:00]} 2. Nf3 {[%emt 0:00:07]} g6 {[%emt 0:00:00]} 3. c4 {[%emt 0:00:04]} Bg7 {[%emt 0:00:00]} 4. Nc3 {[%emt 0:00:04]} d5 {[%emt 0:00:00]} 5. cxd5 {[%emt 0:00:04]} Nxd5 {[%emt 0:00:00]} 6. Na4 {[%emt 0:00:08]} O-O {[%emt 0:18:38]} 7. e4 {[%emt 0:00:06]} Nf6 {[%emt 0:02:08]} 8. Qc2 {[%emt 0:03:32]} b6 {[%emt 0:02:47]} 9. Bf4 {[%emt 0:06:18]} Bb7 {[%emt 0:00:22]} 10. Nc3 {[%emt 0:00:54]} Nbd7 {[%emt 0:12:35]} 11. Rd1 {[%emt 0:03:37]} e6 {[%emt 0:05:13]} 12. Bc4 {[%emt 0:01:43]} Qe7 {[%emt 0:10:39]} 13. O-O {[%emt 0:02:36]} a6 {[%emt 0:03:19]} 14. Rfe1 {[%emt 0:03:00]} Rfc8 {[%emt 0:04:55]} 15. Bg5 {[%emt 0:11:18]} h6 {[%emt 0:01:12]} 16. Bh4 {[%emt 0:01:31]} g5 {[%emt 0:00:44]} 17. Bg3 {[%emt 0:08:36]} b5 {[%emt 0:00:40]} 18. Bf1 {[%emt 0:02:00]} Nh5 {[%emt 0:11:25]} 19. d5 {[%emt 0:06:08]} e5 {[%emt 0:00:46]} 20. Ne2 {[%emt 0:00:46]} c5 {[%emt 0:01:58]} 21. h4 {[%emt 0:02:05]} Nf4 {[%emt 0:01:25]} 22. hxg5 {[%emt 0:01:40]} hxg5 {[%emt 0:00:09]} 23. Bh2 {[%emt 0:00:18]} Qf6 {[%emt 0:01:02]} 24. Ng3 {[%emt 0:02:20]} Nf8 {[%emt 0:09:27]} 25. Nf5 {[%emt 0:00:57]} N8g6 {[%emt 0:00:32]} 26. g3 {[%emt 0:01:23]} g4 {[%emt 0:00:42]} 27. N3h4 {[%emt 0:02:00]} Nxh4 {[%emt 0:03:06]} 28. Nxh4 {[%emt 0:00:10]} Ng6 {[%emt 0:02:37]} 29. Nf5 {[%emt 0:00:44]} Ne7 {[%emt 0:00:44]} 30. Ne3 {[%emt 0:00:18]} Bh6 {[%emt 0:03:12]} 31. Nxg4 {[%emt 0:00:41]} Qg7 {[%emt 0:00:02]} 32. Bh3 {[%emt 0:00:21]} Bg5 {[%emt 0:01:36]} 33. Ne3 {[%emt 0:08:10]} Qh6 {[%emt 0:00:02]} 34. Bxc8 {[%emt 0:03:30]} Rxc8 {[%emt 0:00:01]} 35. d6 {[%emt 0:02:26]} Nc6 {[%emt 0:00:55]} 36. Nf5 {[%emt 0:00:21]} Qh3 {[%emt 0:00:27]} 37. d7 {[%emt 0:01:09]} Rd8 {[%emt 0:00:23]} 38. Qxc5 {[%emt 0:01:02]} Nd4 {[%emt 0:01:32]} 39. Nxd4 {[%emt 0:00:48]} Qxd7 {[%emt 0:03:37]} 40. Qxe5 {[%emt 0:00:43]} Bh6 {[%emt 0:00:24]} 41. Nf5 {[%emt 0:00:28]} Qxd1 {[%emt 0:00:12]} 42. Nxh6+ {[%emt 0:00:05]} 1-0

[Event "Moscow ch-T 2018"]
[Site "Moscow"]
[Date "2018.09.30"]
[Round "7"]
[White "Obolentseva, Alexandra"]
[Black "Nikolenko, Oleg"]
[Result "1/2-1/2"]
[WhiteElo "2289"]
[BlackElo "2466"]
[Annotator "TA"]
[PlyCount "84"]
[EventDate "2018.09.20"]
[EventType "team-tourn"]
[EventCountry "RUS"]
[SourceTitle "playchess.com"]
[Source "ChessBase"]
[SourceQuality "1"]

{[%evp 19,84,14,28,0,0,0,-2,-13,0,-12,32,10,20,0,0,8,0,0,0,0,9,0,0,-68,-60,-66,-10,-20,-1,-128,-114,-126,-120,-289,0,0,0,0,21,20,23,0,0,0,0,0,0,0,0,0,0,0,0,0,0,0,0,0,0,0,0,0,0,0,0,0,0]} 1. d4 Nf6 2. c4 g6 3. Nc3 d5 4. Nf3 Bg7 5. e3 O-O 6. cxd5 Nxd5 7. Bc4 Nxc3 8. bxc3 c5 9. O-O Qc7 10. Qe2 Bg4 {LiveBook: 23 Games} 11. Bd5 {D94: Grünfeld: 4 Nf3 Bg7 5 e3} (11. Ba3 Nd7 12. Bb5 a6 13. Bxd7 Bxd7 14. Rac1 b6 15. h3 Bc6 16. e4 e6 17. dxc5 bxc5 18. Bxc5 Rfc8 {1-0 (53) Bachmann,A (2524)-Robson,R (2615) Princeton 2012}) 11... e6 12. Be4 Nd7 13. Rb1 $146 ({Predecessor:} 13. h3 Bf5 14. Bb1 Bxb1 15. Rxb1 Rfc8 16. Ba3 Rab8 17. Rfd1 a6 18. c4 Qa5 19. dxc5 Nxc5 {½-½ (43) Ciemnyjewski,G (1952)-Bauer,M (2179) GER email 2009}) 13... Rab8 14. h3 Bxf3 15. Qxf3 {[%cal Re4b7]} b5 16. Bc6 b4 17. cxb4 cxb4 18. Bd2 a5 $1 19. Rfc1 Rfc8 20. Qe2 Qd6 21. Bxd7 (21. Ba4 $11) 21... Qxd7 $15 22. Qa6 Rxc1+ (22... Qd8 $15) 23. Rxc1 $11 a4 24. Qa5 (24. Rc6 $1 $11) 24... b3 $17 25. axb3 axb3 26. Bc3 $2 {[#]} (26. Rb1 $17) 26... e5 $2 (26... b2 $1 $19 {[%cal Rb2c1]} 27. Rb1 Qc8) 27. d5 $1 $11 ({Of course not} 27. dxe5 b2 $17) 27... Qb5 {Threatens to win with ...b2.} 28. d6 Bf6 {...b2 is the strong threat.} 29. Qxb5 Rxb5 {[%mdl 4096] Endgame KRB-KRB} 30. f4 {Hoping for Bb2.} Kf8 {The position is equal.} 31. fxe5 Bxe5 32. Bxe5 Rxe5 {KR-KR} 33. Rc8+ Kg7 34. d7 b2 35. d8=Q {[#] Threatening mate with Qf8+.} b1=Q+ {KQR-KQR} 36. Kh2 Qe4 $1 37. Qg8+ Kf6 38. Qd8+ Re7 39. Qh8+ Kg5 40. Qxh7 Qxe3 {( -> ...Qf4+)} 41. Rc4 Qe5+ 42. Kh1 {Black must now prevent Qh4+.} Qe1+ {Precision: White = 44%, Black = 59%.} 1/2-1/2

[Event "Moscow ch-T 2018"]
[Site "Moscow"]
[Date "2018.09.30"]
[Round "7"]
[White "Kulagin, Maxim"]
[Black "Dvalishvili, Pavel S."]
[Result "1-0"]
[WhiteElo "2274"]
[BlackElo "2408"]
[Annotator "NA"]
[PlyCount "45"]
[EventDate "2018.09.20"]
[EventType "team-tourn"]
[EventCountry "RUS"]
[SourceTitle "playchess.com"]
[Source "ChessBase"]
[SourceQuality "1"]
[TimeControl "5400+30"]

1. e4 {[%emt 0:00:00]} c5 {[%emt 0:00:00]} 2. c3 {[%emt 0:00:00]} g6 {[%emt 0:00:44]} 3. d4 {[%emt 0:00:00]} Qc7 {[%emt 0:00:10]} 4. Nf3 {[%emt 0:00:38]} Bg7 {[%emt 0:00:10]} 5. Be3 {[%emt 0:01:38]} d6 {[%emt 0:01:11]} 6. h3 {[%emt 0:00:25]} Nd7 {[%emt 0:01:12]} 7. Bd3 {[%emt 0:01:21]} Ngf6 {[%emt 0:00:22]} 8. O-O {[%emt 0:00:12]} O-O {[%emt 0:00:02]} 9. Re1 {[%emt 0:00:37]} b6 {[%emt 0:04:22]} 10. Nbd2 {[%emt 0:07:03]} Bb7 {[%emt 0:00:57]} 11. a4 {[%emt 0:00:21]} a6 {[%emt 0:01:21]} 12. Qe2 {[%emt 0:01:48]} Rfe8 {[%emt 0:00:25]} 13. Rac1 {[%emt 0:02:10]} e5 {[%emt 0:04:00]} 14. d5 {[%emt 0:00:24]} Nh5 {[%emt 0:03:49]} 15. g3 {[%emt 0:04:06]} Nf8 {[%emt 0:00:33]} 16. Kh2 {[%emt 0:05:48]} Bc8 {[%emt 0:00:10]} 17. Ng1 {[%emt 0:04:58]} Nd7 {[%emt 0:14:27]} 18. b4 {[%emt 0:03:10]} Bf8 {[%emt 0:00:07]} 19. b5 {[%emt 0:01:59]} a5 {[%emt 0:00:20]} 20. Nc4 {[%emt 0:00:22]} Ng7 {[%emt 0:00:50]} 21. Bh6 {[%emt 0:00:53]} f5 {[%emt 0:04:31]} 22. Bxg7 {[%emt 0:00:30]} fxe4 {[%emt 0:00:10]} 23. Bxf8 {[%emt 0:00:07]} 1-0

[Event "Moscow ch-T 2018"]
[Site "Moscow"]
[Date "2018.09.30"]
[Round "7"]
[White "Tsvetkov, Andrey"]
[Black "Komissarov, Alexey"]
[Result "1/2-1/2"]
[WhiteElo "2264"]
[BlackElo "2203"]
[Annotator "NA"]
[PlyCount "36"]
[EventDate "2018.09.20"]
[EventType "team-tourn"]
[EventCountry "RUS"]
[SourceTitle "playchess.com"]
[Source "ChessBase"]
[SourceQuality "1"]
[TimeControl "5400+30"]

1. d4 {[%emt 0:00:00]} Nf6 {[%emt 0:00:00]} 2. c4 {[%emt 0:00:00]} g6 {[%emt 0:00:15]} 3. Nc3 {[%emt 0:00:00]} Bg7 {[%emt 0:00:14]} 4. e4 {[%emt 0:00:00]} d6 {[%emt 0:00:17]} 5. Nf3 {[%emt 0:00:00]} O-O {[%emt 0:00:21]} 6. Be2 {[%emt 0:00:00]} Na6 {[%emt 0:00:25]} 7. O-O {[%emt 0:00:28]} e5 {[%emt 0:00:14]} 8. Be3 {[%emt 0:00:06]} h6 {[%emt 0:00:44]} 9. dxe5 {[%emt 0:02:42]} Ng4 {[%emt 0:00:42]} 10. Bd2 {[%emt 0:00:08]} Nxe5 {[%emt 0:02:22]} 11. Nxe5 {[%emt 0:02:41]} dxe5 {[%emt 0:00:58]} 12. Qc1 {[%emt 0:00:04]} Qh4 {[%emt 0:03:25]} 13. Be3 {[%emt 0:06:26]} c6 {[%emt 0:02:53]} 14. Rd1 {[%emt 0:18:52]} Nc7 {[%emt 0:03:55]} 15. g3 {[%emt 0:25:49]} Qh3 {[%emt 0:01:59]} 16. Bf1 {[%emt 0:00:16]} Qh5 {[%emt 0:00:41]} 17. Be2 {[%emt 0:00:15]} Qh3 {[%emt 0:01:05]} 18. Bf1 {[%emt 0:08:39]} Qh5 {[%emt 0:01:32]} 1/2-1/2

[Event "Moscow ch-T 2018"]
[Site "Moscow"]
[Date "2018.09.30"]
[Round "7"]
[White "Antonov, Alexandr"]
[Black "Maltsevskaya, Aleksandra"]
[Result "1-0"]
[WhiteElo "2220"]
[BlackElo "2234"]
[Annotator "NA"]
[PlyCount "115"]
[EventDate "2018.09.20"]
[EventType "team-tourn"]
[EventCountry "RUS"]
[SourceTitle "playchess.com"]
[Source "ChessBase"]
[SourceQuality "1"]
[TimeControl "5400+30"]

1. e4 {[%emt 0:14:47]} c5 {[%emt 0:00:00]} 2. Nf3 {[%emt 0:00:10]} e6 {[%emt 0:00:00]} 3. b3 {[%emt 0:00:04]} Nc6 {[%emt 0:00:55]} 4. Bb5 {[%emt 0:01:13]} Nge7 {[%emt 0:00:55]} 5. Bb2 {[%emt 0:00:21]} a6 {[%emt 0:00:10]} 6. Bxc6 {[%emt 0:00:08]} bxc6 {[%emt 0:01:37]} 7. e5 {[%emt 0:04:19]} Ng6 {[%emt 0:01:09]} 8. Na3 {[%emt 0:03:20]} Be7 {[%emt 0:02:54]} 9. Nc4 {[%emt 0:04:28]} O-O {[%emt 0:00:10]} 10. h4 {[%emt 0:05:06]} f5 {[%emt 0:06:42]} 11. g3 {[%emt 0:03:58]} a5 {[%emt 0:05:18]} 12. a4 {[%emt 0:01:30]} Ba6 {[%emt 0:02:18]} 13. h5 {[%emt 0:05:44]} Nh8 {[%emt 0:00:24]} 14. d3 {[%emt 0:01:24]} Nf7 {[%emt 0:01:50]} 15. Qd2 {[%emt 0:01:29]} d5 {[%emt 0:06:06]} 16. exd6 {[%emt 0:04:15]} Bf6 {[%emt 0:00:05]} 17. O-O-O {[%emt 0:04:18]} Bxc4 {[%emt 0:00:41]} 18. dxc4 {[%emt 0:00:38]} e5 {[%emt 0:00:14]} 19. Qe3 {[%emt 0:08:16]} e4 {[%emt 0:03:23]} 20. Nd2 {[%emt 0:01:28]} Bxb2+ {[%emt 0:10:37]} 21. Kxb2 {[%emt 0:00:01]} Qf6+ {[%emt 0:00:09]} 22. Kb1 {[%emt 0:06:29]} Rad8 {[%emt 0:02:37]} 23. Qxc5 {[%emt 0:02:32]} Rxd6 {[%emt 0:00:29]} 24. Kc1 {[%emt 0:02:01]} Rfd8 {[%emt 0:09:24]} 25. Nb1 {[%emt 0:00:15]} Ne5 {[%emt 0:01:20]} 26. Rxd6 {[%emt 0:05:01]} Rxd6 {[%emt 0:00:06]} 27. Qxa5 {[%emt 0:00:45]} Ng4 {[%emt 0:01:54]} 28. Qe1 {[%emt 0:04:27]} h6 {[%emt 0:00:06]} 29. Qe2 {[%emt 0:00:54]} Kh7 {[%emt 0:03:02]} 30. f3 {[%emt 0:01:38]} Qg5+ {[%emt 0:00:28]} 31. Kb2 {[%emt 0:00:50]} Nf6 {[%emt 0:00:18]} 32. g4 {[%emt 0:02:07]} exf3 {[%emt 0:06:44]} 33. Qe5 {[%emt 0:01:00]} Rd8 {[%emt 0:01:20]} 34. Qxf5+ {[%emt 0:01:10]} Qxf5 35. gxf5 {[%emt 0:00:04]} f2 {[%emt 0:00:30]} 36. Rf1 {[%emt 0:00:28]} Ng4 {[%emt 0:00:05]} 37. Nc3 {[%emt 0:04:25]} Re8 {[%emt 0:02:47]} 38. Nd1 {[%emt 0:00:37]} Re1 {[%emt 0:01:06]} 39. Nxf2 {[%emt 0:00:05]} Rxf1 {[%emt 0:00:04]} 40. Nxg4 {[%emt 0:00:06]} Rxf5 {[%emt 0:00:06]} 41. b4 {[%emt 0:00:04]} Rf4 {[%emt 0:02:14]} 42. Ne5 {[%emt 0:00:10]} Re4 {[%emt 0:00:07]} 43. Nd3 {[%emt 0:02:29]} Rxc4 {[%emt 0:01:18]} 44. Kb3 {[%emt 0:00:06]} Re4 {[%emt 0:00:12]} 45. a5 {[%emt 0:00:06]} g5 {[%emt 0:02:00]} 46. hxg6+ {[%emt 0:00:01]} Kxg6 {[%emt 0:00:06]} 47. a6 {[%emt 0:00:08]} h5 {[%emt 0:00:13]} 48. c4 {[%emt 0:00:24]} h4 {[%emt 0:10:04]} 49. a7 {[%emt 0:00:32]} Re8 {[%emt 0:00:05]} 50. b5 {[%emt 0:00:04]} cxb5 {[%emt 0:00:54]} 51. cxb5 {[%emt 0:00:01]} h3 {[%emt 0:02:50]} 52. Nf4+ {[%emt 0:01:01]} Kf5 {[%emt 0:00:06]} 53. Nxh3 {[%emt 0:00:14]} Re3+ {[%emt 0:00:36]} 54. Kc4 {[%emt 0:00:37]} Ra3 {[%emt 0:00:10]} 55. b6 {[%emt 0:00:28]} Ra4+ {[%emt 0:00:19]} 56. Kc5 {[%emt 0:00:35]} Ra5+ {[%emt 0:00:25]} 57. Kc6 {[%emt 0:00:23]} Ke6 {[%emt 0:00:43]} 58. Kb7 {[%emt 0:00:46]} 1-0